000 00337nam a2200133Ia 4500
005 20260328101527.0
008 260328s9999||||xx |||||||||||||| ||und||
100 _aJodidio, Philip
245 0 _aContemporary American Architects (Vol.2) /
_cPhilip Jodidio
260 _bTaschen
300 _a176 p.
650 _aARQUITECTOS
942 _cBK
999 _c9843
_d9843